UM Logo

Journal education of finance / (Record no. 23362)

MARC details
000 -LEADER
fixed length control field 00457nam a22001457a 4500
003 - CONTROL NUMBER IDENTIFIER
control field OSt
005 - DATE AND TIME OF LATEST TRANSACTION
control field 20250904151804.0
008 - FIXED-LENGTH DATA ELEMENTS--GENERAL INFORMATION
fixed length control field 250128b |||||||| |||| 00| 0 eng d
040 ## - CATALOGING SOURCE
Transcribing agency
082 ## - DEWEY DECIMAL CLASSIFICATION NUMBER
Classification number DPer 371.206005 J82 Summer-Fall 2022 v. 48 n. 1-2
245 ## - TITLE STATEMENT
Title Journal education of finance /
260 ## - PUBLICATION, DISTRIBUTION, ETC. (IMPRINT)
Place of publication, distribution, etc. Illinois ;
Name of publisher, distributor, etc. University of Illinois Press,
Date of publication, distribution, etc. Summer-Fall 2022.
300 ## - PHYSICAL DESCRIPTION
Extent Volume 48, various paging :
Other physical details illustrations ;
Dimensions 26 cm.
942 ## - ADDED ENTRY ELEMENTS (KOHA)
Source of classification or shelving scheme Dewey Decimal Classification
Koha item type Periodicals
Holdings
Withdrawn status Lost status Source of classification or shelving scheme Damaged status Not for loan Collection code Home library Current library Date acquired Total Checkouts Full call number Date last seen Price effective from Koha item type Public note
    Dewey Decimal Classification     Periodicals UM Digos College - LIC UM Digos College - LIC 09/26/2024   DPer 371.206005 J82 Summer-Fall 2022 v. 48 n. 1-2 01/28/2025 01/28/2025 Periodicals Periodical Article